| 000 | 00366nam a2200145Ia 4500 | ||
|---|---|---|---|
| 008 | 230312s9999||||xx |||||||||||||| ||und|| | ||
| 020 | _a1-9063-4786-4 | ||
| 082 |
_a791.4377 _bHAR-G |
||
| 100 | _aHarvers;Richard | ||
| 245 | 0 | _aGolden age of The Blues | |
| 260 |
_bCompendium _aChina _c2009 |
||
| 300 | _a192 | ||
| 650 |
_aMass com _vMass Communication |
||
| 942 | _cBK | ||
| 999 |
_c11473 _d11473 |
||